Les films dans lesquels a joué George Clooney - Statistiques

Statistiques générales
  • Ce quiz a été pris 6 fois
  • Le résultat moyen est 12 sur 44
Statistiques - réponses
Année de sortie Film % Correct
2001 Ocean's Eleven
100%
2004 Ocean's Twelve
100%
2000 O'Brother
67%
2007 Ocean's Thirteen
67%
2008 Burn After Reading
50%
2000 En pleine tempête
50%
2013 Gravity
50%
1997 Batman et Robin
33%
2003 Intolérable Cruauté
33%
2014 Monuments Men
33%
2023 The Flash
33%
2015 A la poursuite de demain
17%
2016 Ave, César !
17%
2015 A Very Murray Christmas
17%
2002 Bienvenue à Collinwood
17%
2002 Confessions d'un homme dangereux
17%
2005 Good Night and Good Luck
17%
1998 Hors d'atteinte
17%
2009 In the Air
17%
2025 Jay Kelly
17%
2008 Jeux de dupes
17%
1998 La Ligne rouge
17%
1997 Le Pacificateur
17%
1988 Le Retour des tomates tueuses
17%
2010 Les Chèvres du Pentagone
17%
2011 Les Marches du pouvoir
17%
1999 Les Rois du désert
17%
2007 Michael Clayton
17%
2020 Minuit dans l'univers
17%
2016 Money Monster
17%
1990 Red Surf
17%
1987 Return to HorrorHigh
17%
2002 Solaris
17%
2001 Spy Kids
17%
2003 Spy Kids 3: Mission 3D
17%
2005 Syriana
17%
2010 The American
17%
2011 The Descendants
17%
2006 The Good German
17%
2022 Ticket to Paradise
17%
1996 Un beau jour
17%
1992 Unbecoming Age
17%
1996 Une nuit en enfer
17%
2024 Wolfs
17%
Aucun quiz correspondant
Distribution des résultats
% des personnes avec chaque résultat
Percentile par nombre de réponses
Votre historique - résultats
Vous n’avez pas pris ce quiz